• 首页
  • 本馆介绍
  • 公告通知
  • 最新文献
  • 馆藏检索
  • 电子资源
  • 读者导购
  • 参考咨询
  • 我的图书馆
  • 登录
  • 详细信息显示
  • 放入我的书架
  • 预约/预借图书
  • 作者相关作品
  • 分类相关作品
  • 丛书相关作品
  • 出版社相关作品

书目信息

  • 表格格式
  • 工作单格式
  • 卡片格式
题名:
苏联学校管理
    
 
作者: 别列兹良克 著 ;梅汝莉 编译
分册:  
出版信息: 北京   教育科学出版社  1981
页数: 156页
开本: 19cm
丛书名:
单 册:
中图分类: G551.26
科图分类:
主题词: 学校管理--苏联
电子资源:
ISBN:
000 00653nam0 2200229 450
001 1538922694
005 20150130104856.18
010    @dCNY0.46
091    @a7232.66
100    @a19950605d1981 em y0chiy0110 ea
101 1  @achi@crus
102    @aCN@b110000
105    @ay z 000yy
200 1  @a苏联学校管理@9su lian xue xiao guan li@f(苏)Е.С. 别列兹良克著@g梅汝莉编译
210    @a北京@c教育科学出版社@d1981
215    @a156页@d19cm
606 0  @a学校管理@y苏联
690    @aG551.26@v5
701  1 @a别列兹良克@9bie lie zi liang ke@4著@bЕ.С.
702  0 @a梅汝莉@9mei ru li@4编译
801  0 @aCN@bTSSF@c20150130
905    @aZUCC@dG551.26@eJY1
    
    苏联学校管理/(苏)Е.С. 别列兹良克著/梅汝莉编译.-北京:教育科学出版社,1981
    156页;19cm
    
    
    ISBN :CNY0.46
    
●
相关链接 在E读中查询图书 在五车中查询图书 在当当中查询图书 在豆瓣中查询图书


正题名:苏联学校管理     索取号:G551.26/JY1         预约/预借

序号 登录号 条形码 馆藏地/架位号 状态 备注
1 7860351   278603511   学院路分馆/ [索取号:G551.26/JY1] 在馆    
唐山师范学院图书馆 欢迎您!
大连网信软件有限公司© 版权所有